Statistics for Areas of the GTA (Greater Toronto Area)

Click here to take the quiz!

General Stats

  • This quiz has been taken 139 times
  • The average score is 13 of 24

Answer Stats

Halton % Correct
Mississauga
91%
Brampton
88%
Markham
83%
Ajax
81%
Vaughan
79%
Oshawa
77%
Pickering
72%
Oakville
72%
Burlington
71%
Richmond Hill
68%
Whitby
62%
Milton
59%
Newmarket
58%
Aurora
49%
Caledon
46%
King
45%
Halton Hills
43%
Whitechurch-Stouffville
27%
Georgina
21%
Clarington
21%
Uxbridge
21%
East Gwillimbury
20%
Scugog
12%
Brock
11%

Score Distribution

Percentile by Number Answered

Percent of People with Each Score

Your Score History

You have not taken this quiz